000 00873nam a2200241 a 4500
001 vtls003214492
003 MY-SjTCS
005 20200226105733.0
008 110218 000 0 eng d
020 _a0811871428 (hbk.)
020 _a9780811871426 (hbk.)
039 9 _a201102231704
_bpushpa
_c201102181509
_dVLOAD
_y201012101151
_zmalathy
082 0 4 _a641.812
_bMOR 2010
100 1 _aMorgan, Diane,
_d1955-
_921810
245 1 0 _aSkinny dips :
_b60 recipes for dips, spreads, chips, and salsas on the lighter side of delicious /
_cby Diane Morgan ; photographs by Sheri Giblin.
260 _aSan Francisco :
_bChronicle,
_cc2010.
300 _a144 p. :
_bcol. ill. ;
_c21 cm.
500 _aIncludes index.
650 0 _aDips (Appetizers)
_921811
650 0 _aLow-calorie diet
_vRecipes.
_924295
650 0 _aLow-fat diet
_vRecipes.
_911998
920 _aSHT : 157327
999 _c56964